000 00323nam a22001457a 4500
003 SGT
020 _a9789350593301
082 _a320.011
_bGAU
100 _aGAUBA , O P
245 _aAN INTRODUCTION TO POLITICAL THEORY
250 _a6
260 _aGURGAON
_bMACMILLAN
_c2013
300 _aXVII, 653
942 _2ddc
_cBK
_029
999 _c19771
_d19771